Estadísticas para Países más cercanos a Antigua y Barbuda - Carrera de 30 segundos

Haz click aquí para intentar la prueba.

Estadísticas generales

  • Esta prueba ha sido intentada 14 veces
  • La puntuación promedio es 9 de 20

Estadísticas de respuestas

kmpaís% Correcto
154Dominica
85%
1414Jamaica
77%
642Trinidad y Tobago
77%
467Barbados
69%
1317Cuba
69%
944Haití
69%
1230Bahamas
54%
500Granada
54%
688República Dominicana
54%
333Santa Lucía
54%
68San Cristóbal y Nieves
46%
409San Vicente
y las Granadinas
46%
696Venezuela
46%
1134Colombia
38%
1318Brasil
23%
966Guyana
23%
1338Surinam
23%
998Aruba
0%
923Curaçao
0%
126Sint Maarten
0%

Distribución de puntuación

Porcentaje por número respondido

Porcentaje de gente con cada puntuación

Historial de tus puntuaciones

No has intentado esta prueba.